00959cam a2200265 a 4500999001500000001000500015003000900020005001700029008004100046020001500087040002800102082001900130100002100149245008400170260004200254300004600296490006900342504005100411650002800462650002400490650002800514700002200542942001200564952011700576 c6146d61464947BD-DhUAP20201227103555.0201227s1998 maua b 001 0 eng  a0256099391 aDLCcDLCdBD-DhUAPbeng00a658.15 GRI223 aGrinblatt, Mark. aFinancial markets and corporate strategy /cMark Grinblatt and Sheridan Titman. aBoston : bMcGraw-Hill/Irwin,cc1998. axxx, 866 pages :billustrations ;c26 cm. aIrwin/McGraw-Hill series in finance, insurance, and real estate. aIncludes bibliographical references and index. aCorporations vFinance. aStrategic planning. aFinancial institutions. aTitman, Sheridan. 2ddccBK 00102ddc4070aUAPCLbUAPCLcGeneral Stacksd2020-12-27o658.15 GRIp3010004947r2020-12-27t1w2020-12-27yBK